Quel sport est ainsi illustré sur Wikipedia ? Lettres R & S - Statistiques

Statistiques générales
  • Ce quiz a été pris 32 fois
  • Le résultat moyen est 12 sur 40
Statistiques - réponses
Par images Hint Réponse % Correct
3 mots Saut en longueur
100%
1 mot Salsa
80%
3 mots Saut en hauteur
73%
1 mot Surf
73%
1 mot Snowboard
70%
2 mots Ski nautique
67%
1 mot Sumo
67%
4 mots Saut à la perche
63%
1 mot Skateboard
60%
3 mots Ski de fond
53%
1 mot Spéléologie
53%
1 mot Squash
53%
1 mot Rafting
43%
3 mots Saut à ski
43%
1 mot Step
43%
1 mot Roller
40%
3 mots Rugby à sept | Rugby à VII
33%
2 mots Ski alpin
33%
3 mots Rugby à XV
23%
1 mot Skeleton
23%
2 mots Randonnée pédestre
20%
3 mots Rugby à XIII
20%
2 mots Rallye automobile
17%
1 mot Régate
13%
2 mots Roller derby
13%
1 mot Softball
13%
2 ou 4 mots Roller hockey | Roller in line hockey
10%
1 mot Sambo
7%
1 mot Snorkeling
7%
3 mots Raquette à neige
3%
1 mot Roundnet
3%
1 mot Snowscoot
3%
1 mot Ringuette
0%
1 mot Rollersoccer
0%
1 mot Shaolin
0%
1 mot Shinty
0%
2 mots Shuai jiao
0%
1 mot Slamball
0%
1 mot Snowskate
0%
1 mot Supermotard
0%
Aucun quiz correspondant
Distribution des résultats
% des personnes avec chaque résultat
Percentile par nombre de réponses
Votre historique - résultats
Vous n’avez pas pris ce quiz